Responses for Show #8424 - Thursday, June 17, 2021

Champion's winnings & consolation amounts matched to The Bowery Mission.

Contestants

[<< previous game]

Matt Walton, a civil servant from Philadelphia, Pennsylvania

Emily White, a public relations specialist from Wilmington, Delaware

Sarah Reza, a museum program manager from Hyattsville, Maryland (whose 1-day cash winnings total $12,801)

[next game >>]

Jeopardy! Round responses

NORTH AMERICAN GEOGRAPHY
POTPOURRI
MUSIC "C"LASS
PLANE, TRAIN OR AUTOMOBILE
THE LANGUAGE OF FOOD
TV BEFORE & AFTER
    $200 6
British Columbia

Emily
    $200 11
20/20

Emily
    $200 17
cello

Emily
    $200 18
(Sarah: What is, uh, [*]? )
[Savannah does not immediately rule.]
(Sarah: Uh, the Knight Rider?)
(Savannah: [*] was correct.)
(Sarah: Okay.)
(Savannah: Well done, I was thinking of the theme song.)

automobile

Sarah
    $200 1
egg

Emily
    $200 19
The Dating Game of Thrones

Triple Stumper
    $400 7
Champlain

Emily
    $400 12
pizza

Matt
    $400 16
chants

Emily
    $400 21
a plane

Matt
    $400 2
(Savannah: And proud.)
[Laughter]

a (couch) potato

Sarah
    $400 26
Modern Family Ties

Matt
    $600 8
Chihuahua

Emily
    $600 20
.tv

Triple Stumper
    $600 13
coda

Emily
    $600 22
a plane

Matt
    $600 3
beans

Sarah
    $600 25
Happy Days of Our Lives

Sarah
    $800 9
the Rio Grande

Triple Stumper
    $800 29
The Mikado

Triple Stumper
    $2,000 14
a coloratura

Emily
    $800 23
a train

Sarah
    $800 4
break bread

Emily
    $800 27
Lost in Space Ghost

Triple Stumper
    $1000 10
Regina

Emily
    $1000 30
TED

Emily
    $1000 15
(Matt: What is contralto?)

a countertenor

EmilyMatt
    $1000 24
a train

Matt
    $1000 5
(Emily: What is crow?)
...
(Savannah: And it does not sound delicious, does it?)

humble pie

Emily
Triple Stumper
    $1000 28
DuckTales from the Crypt

Matt

Scores at the first commercial break (after clue 15):

Sarah Emily Matt
$1,000 $6,000 -$600

Scores at the end of the Jeopardy! Round:

Sarah Emily Matt
$2,600 $7,600 $2,800

Double Jeopardy! Round responses

MEDICAL LATIN
EVEN NUMBERS
TOM FOOLERY
NOT AN EVERYDAY WORD ANYMORE
DID YOU READ...
THE TERMS OF SERVICE
    $400 30
postpartum

Emily
    $400 22
Route 66

Emily
    $400 12
Loki

Emily
    $400 10
oars

Matt
    $400 17
Ruth Bader Ginsburg

Sarah
    $400 1
Hillary Clinton

Emily
    $800 6
meninges

Matt
    $800 23
(Sarah: What is 150?)

1,500

SarahMatt
    $800 13
wipes your memory

Sarah
    $800 11
speech

Triple Stumper
    $800 18
the Bridgerton series

Sarah
    $800 2
(Sarah: Who are the Browns?)
(Savannah: Can you be more specific?)
(Sarah: Jerry Brown and I don't know the other one. [Laughs] I'm sorry.)

Jerry & Pat Brown

Sarah
Triple Stumper
    $1200 7
delirium

Sarah
    $1200 24
404

Emily
    $1200 14
Tom Hanks

Sarah
    $1200 27
(Savannah: I get up betimes every day Monday through Friday.)

early

Matt
    $3,000 19
(Savannah: And if you didn't read it, maybe you saw the movie. Either way you got the cash.)

Black Hawk Down

Sarah
    $1200 3
Golda Meir

Sarah
    $1600 8
(Matt: What's the left eye?)

the right eye

EmilyMatt
    $1600 25
1790

Triple Stumper
    $1600 15
(Savannah: We all remember that one.)

Risky Business

Matt
    $1600 29
the nose

Matt
    $1600 20
J'Accuse...!

Sarah
    $1600 4
Marion Barry

Emily
    $5,000 9
angina

Emily
    $2000 26
200

Triple Stumper
    $2000 16
(Matt: Who is Leonardo DiCaprio?)

Tom Hardy

SarahMatt
    $2000 28
a nymph

Emily
    $2000 21
"The Monkey's Paw"

Triple Stumper
    $2000 5
Ceaușescu

Matt

Scores at the end of the Double Jeopardy! Round:

Sarah Emily Matt
$13,200 $20,600 $7,600

[wagering suggestions for these scores]

Final Jeopardy! Round responses

COUNTRIES OF THE WORLD
(Savannah: [To Sarah] The capital of that tiny country is Vaduz.)
...
(Savannah: [To Emily] You were smiling during the 30 seconds and started writing before I finished speaking.)
MattWhat is Monaco?
$7,600
SarahWhat is Lichtenstein?
$10,000
EmilyWhat is Liechtenstein?
$8,000
Liechtenstein

Final scores:

Sarah Emily Matt
$23,200 $28,600 $0
2nd place: $2,000 New champion: $28,600 3rd place: $1,000

Game dynamics:

Coryat scores:

Sarah Emily Matt
$11,400 $16,400 $7,600
14 R
(including 1 DD),
2 W
22 R
(including 2 DDs),
1 W
13 R,
3 W

Combined Coryat: $35,400

[game clues] [game scores] [suggest correction]

Game tape date: 2021-03-23
The J! Archive is created by fans, for fans. Scraping, republication, monetization, and malicious use prohibited; this site may use cookies and collect identifying information. See terms. The Jeopardy! game show and all elements thereof, including but not limited to copyright and trademark thereto, are the property of Jeopardy Productions, Inc. and are protected under law. This website is not affiliated with, sponsored by, or operated by Jeopardy Productions, Inc. Join the discussion at JBoard.tv.